Erklärung des Briefes an die Hebräer
Gespeichert in:
| 1. Verfasser: | |
|---|---|
| Format: | Buch |
| Sprache: | Deutsch |
| Veröffentlicht: |
Münster
Ufchendorff
1864
|
| Ausgabe: | 1a. ed |
| Schlagworte: | |
| Tags: |
Tag hinzufügen
Keine Tags, Fügen Sie den ersten Tag hinzu!
|
MARC
| LEADER | 00000cam a2200000 a 4500 | ||
|---|---|---|---|
| 001 | UCD2707 | ||
| 003 | CL-VaPUC | ||
| 008 | 160505e18640000gw |||||||||||||||||ger|d | ||
| 082 | 0 | 4 | |a 226.66 |b BIS |2 21 |
| 100 | 0 | |a Bisping, August |e author |9 586063 | |
| 245 | 1 | 0 | |a Erklärung des Briefes an die Hebräer |
| 250 | |a 1a. ed | ||
| 300 | |a 433 p | ||
| 942 | |c BK | ||
| 945 | |d 20160505 16:04:00 |a dcastane | ||
| 260 | |a Münster |b Ufchendorff |c 1864 | ||
| 650 | 7 | |a HEBREOS |2 CL-VaPUC |9 314389 | |
| 650 | 0 | |a Cartas apostólicas |9 373744 | |
| 583 | |a last modification |c 20160505 16:04:00 |k Rodrigo Vera | ||
| 999 | |c 363829 |d 363827 | ||
| 952 | |0 0 |1 0 |3 erd |4 0 |6 226_660000000000000_BIS_1864 |7 0 |8 X |9 476629 |a BIBTEO |b BIBTEO |c TEO_FFR |i 5231663 |o 226.66 BIS 1864 |p 5231663 |r 2024-01-18 |w 2019-11-24 |y BK_X |z Catalogado en:20160505 |k OFM | ||